[Event "GER-chT U14"]
[Site "Magdeburg"]
[Date "2013.12.27"]
[Round "1.1"]
[White "Tong, Kevin"]
[Black "Sirbu, Nikita"]
[Result "1-0"]
[WhiteElo "1790"]
[BlackElo "1282"]
[PlyCount "79"]
[EventDate "2013.12.27"]
[EventType "team-swiss"]
[EventRounds "4"]
[EventCountry "GER"]
[SourceTitle "EXT 2015"]
[Source "ChessBase"]
[SourceDate "2014.11.20"]
[SourceVersion "1"]
[SourceVersionDate "2014.11.20"]
[SourceQuality "1"]
[WhiteTeam "Erlangen"]
[BlackTeam "Karlsruhe"]
[WhiteTeamCountry "GER"]
[BlackTeamCountry "GER"]

1. e4 c5 2. Nf3 e6 3. d4 cxd4 4. Nxd4 a6 5. c4 Qc7 6. Nc3 Bc5 7. Be3 Ne7 8. Be2 0-0 9. 0-0 Ba7 10. Rc1 Nbc6 11. Qd2 Nxd4 12. Bxd4 Qd6 13. Rfd1 Qxd4 14. Qxd4 Bxd4 15. Rxd4 Nc6 16. Rd6 b6 17. Rcd1 Rb8 18. f4 f5 19. e5 Rf7 20. Na4 h6 21. Bf3 b5 22. cxb5 axb5 23. Nc5 Rb6 24. Nxd7 Bxd7 25. Rxd7 Rxd7 26. Rxd7 Na5 27. b3 g5 28. g3 b4 29. Kf2 Rb8 30. Ra7 Rb5 31. Ke3 Rc5 32. Kd4 Nxb3+ 33. axb3 Rc3 34. Bd1 Rc1 35. Be2 Rb1 36. Bc4 gxf4 37. Bxe6+ Kf8 38. gxf4 Rb2 39. Bxf5 Rxb3 40. e6 1-0

[Event "GER-chT U14"]
[Site "Lingen"]
[Date "2011.12.27"]
[Round "1.4"]
[White "Esfandiyari, Kiyan"]
[Black "Sirbu, Nikita"]
[Result "1/2-1/2"]
[WhiteElo "1032"]
[BlackElo "805"]
[PlyCount "101"]
[EventDate "2011.12.27"]
[EventType "team-swiss"]
[EventRounds "7"]
[EventCountry "GER"]
[SourceTitle "EXT 2022"]
[Source "ChessBase"]
[SourceDate "2021.10.06"]
[SourceVersion "1"]
[SourceVersionDate "2021.10.06"]
[SourceQuality "1"]
[WhiteTeam "Iserlohn Koenigsspringer U14"]
[BlackTeam "Karlsruhe 1853 U14"]
[WhiteTeamCountry "GER"]
[BlackTeamCountry "GER"]

1. d4 Nf6 2. Nf3 d5 3. Bf4 Nc6 4. e3 Bg4 5. Be2 e6 6. h3 Bxf3 7. gxf3 Bb4+ 8. c3 Bd6 9. Bxd6 cxd6 10. Nd2 e5 11. Qc2 Qe7 12. Bd3 a6 13. 0-0-0 a5 14. Rde1 a4 15. a3 0-0 16. f4 e4 17. Be2 Qd7 18. Reg1 h6 19. Qd1 Rfe8 20. Qf1 Qe7 21. Qg2 Qf8 22. h4 Na5 23. Qh3 Rab8 24. Rg2 b5 25. Rhg1 h5 26. Rxg7+ Qxg7 27. Rxg7+ Kxg7 28. Qg3+ Kf8 29. Qg5 Ke7 30. Bxh5 Rg8 31. Qf5 Rh8 32. Be2 Rxh4 33. Qg5 Rh1+ 34. Kc2 Nb3 35. Nxb3 axb3+ 36. Kxb3 Re1 37. Bh5 Rf1 38. Bxf7 Kxf7 39. Qh4 Rg8 40. Qh2 Ng4 41. Qh5+ Ke6 42. f5+ Kf6 43. Qh4+ Kf7 44. Qh5+ Kf8 45. Qh7 Rxf2 46. Qd7 Nxe3 47. Qxd6+ Kf7 48. Qe6+ Kf8 49. Qd6+ Ke8 50. Qe6+ Kf8 51. Qd6+ 1/2-1/2